000 00471nam a22001817a 4500
005 20251108164212.0
008 250721s2000 xx 000 0 ara d
082 1 4 _a922.1/عطا
100 1 _aعطا، منيف
245 1 0 _aعظماء الإسلام /
264 1 _aبيروت :
_bدار اليوسف،
_c2000.
300 _a110ص.
650 1 7 _aالإسلام
650 1 7 _aالتراجم
700 1 _aقبلان، فؤاد
942 _2ddc
_cBK
999 _c6232
_d6232